000 00563nam a22001817a 4500
999 _c8531
_d8531
008 201201b ||||| |||| 00| 0 eng d
040 _aBMS College of Architecture
100 _aS, Karishma
245 _aInstitute of veterinary science Gundlupete
300 _a43p.
500 _a1BM13AT027
502 _8B,Arch
_NBMS College of Architecture, Visvesvaraya Technological University (VTU)
_aProject report
_d2017
650 _aInstitute
700 _aGirija Umashankar
_eGuide
700 _aSharath Ravi
_eGuide
700 _aRadhika
_eGuide
942 _2ddc
_cTHE